| 000 | 00687mam a2200181 a 4500 | ||
|---|---|---|---|
| 020 | _a0748602518 | ||
| 082 |
_a181.9 _bNET _cL-31,P85. |
||
| 100 | 1 |
_aNetton, Ian Richard. _937174 |
|
| 245 | 1 | 0 |
_aMuslim neoplatonists : _ban introduction to the thought of the Brethren of Purity, Ikhwān al-Ṣafāʾ / _cIan Richard Netton. |
| 260 |
_aEdinburgh : _bEdinburgh University Press, _c1991. |
||
| 300 |
_ax, 146 p. ; _c22 cm. |
||
| 490 | 1 | _aIslamic surveys ; | |
| 500 | _aReprint, with corrections, of the edition originally published by Allen & Unwin, 1982. | ||
| 526 |
_a0 _b0 _c0 _d181_900000000000000_NET |
||
| 650 |
_aMCE _9379 |
||
| 710 | 2 |
_aIkhwān al-Ṣafāʼ. _96171 |
|
| 942 |
_2ddc _cBK |
||
| 999 |
_c542078 _d542078 |
||